| 000 | 00494nam a2200181Ia 4500 | ||
|---|---|---|---|
| 008 | 240729s9999 xx 000 0 und d | ||
| 022 | _a2516-1571 | ||
| 245 | 0 | _aPrecision Clinical Medicine | |
| 260 | _aUnited Kingdom | ||
| 260 | _bOxford University Press | ||
| 650 | _a Biology (General) | ||
| 650 | _a Genetics | ||
| 650 | _a Medicine (General) | Science | ||
| 650 | _aMedicine | ||
| 856 | _uhttps://doaj.org/toc/9832db9f33c34bbdbb5e095067a90630 | ||
| 942 | _2ddc | ||
| 942 | _cDOAJEJ | ||
| 999 |
_c72210 _d72210 |
||
| 945 |
_a1 _bMadushi Gamage _c1 _dMadushi Gamage |
||